000
00279nam a2200109Ia 4500
001
1276079
005
20260417160440.0
008
260417s9999 xx 000 0 und d
020
_a
9786255929846
245
0
_a
Başka Bir Yerin Şarkısı
_c
A. F. Harrold
260
_b
Ketebe Genç
999
_c
1276079
_d
1276079